Normal view
MARC view
- RAY K. LINSLEY, JR. MAX A. KOHLER
Entry Personal Name
001 - CONTROL NUMBER
- control field: 51247
003 - CONTROL NUMBER IDENTIFIER
- control field: NUST
005 - DATE AND TIME OF LATEST TRANSACTION
- control field: 20210314134933.0
008 - FIXED-LENGTH DATA ELEMENTS
- fixed length control field: 210314|| aca||aabn | a|a d
040 ## - CATALOGING SOURCE
- Original cataloging agency: NUST
- Transcribing agency: NUST
100 ## - HEADING--PERSONAL NAME
- Personal name: RAY K. LINSLEY, JR. MAX A. KOHLER
670 ## - SOURCE DATA FOUND
- Source citation: Work cat.: (NUST): RAY K. LINSLEY, JR. MAX A. KOHLER, Hydrology for Engineers, 1988
